000 00496nam a2200157 4500
001 145467
003 ES-MaACL
005 20230906201235.0
007 t|
008 070214s1960 dk r ||||1| eng d
100 1 _aSperry, Margaret.
_9107707
245 1 0 _aBrides of darkness and other stories adopted from scandinavian legend and folklore /
_cMargaret Sperry.
260 _aCopenhagen :
_bGolden Mill Press,
_c1960.
300 _aVII, 122 p. ;
_c28 cm.
852 _aES-MaACL
_jG-5640
_bR.46836
999 _c145467
_d145467